| 000 | 00684nam a2200181Ia 4500 | ||
|---|---|---|---|
| 008 | 151018s9999 xx 000 0 und d | ||
| 082 |
_bRBASDV12366 _a891.464 |
||
| 100 | _aरा ग जाधव | ||
| 245 | _aसाहित्य आणि सामाजिक संदर्भ | ||
| 250 | _b1 | ||
| 260 |
_bकॉन्टिनेन्टल प्रका. पुणे _c1975 |
||
| 300 | _a90 | ||
| 600 | _aरा ग जाधव | ||
| 630 | _aसाहित्य आणि सामाजिक संदर्भ | ||
| 700 | _aरा ग जाधव | ||
| 730 | _aसाहित्य आणि सामाजिक संदर्भ | ||
| 942 | _cBOOK | ||
| 999 |
_c1014613 _d1014610 |
||